Komančovia

Bibliographic Details
Main Author: Dubnička, Ivan, 1961-2014 (Author)
Format: Article
Language:Slovak
PhysicalDescription:Obr. 3
Subjects:

MARC

LEADER 00000nab a2200000 a 4500
001 vtls000512901
003 SK-MaSNL
005 20260303003817.0
008 120927c1994 xo 0 slo
015 |a SNBRB19rr/mm-uuuuu 
035 |a CL0513039 
040 |a SNKBUCL  |b slo  |c SNKBUCL  |e AACR2 
041 0 |a slo 
044 |a xo  |c SK 
080 |a 973(=1.73-82)  |2 1981 
100 1 |a Dubnička, Ivan,  |d 1961-2014  |4 aut  |9 101277 
245 1 0 |a Komančovia  |c Ivan Dubnička 
300 |b Obr. 3 
650 0 7 |a Indiáni  |2 snkbucl  |9 73375 
650 0 7 |a Komančovia  |2 snkbucl  |9 112284 
655 7 |a články z novín a časopisov  |2 snkbucl  |9 267496 
773 0 |t Elektrón Zenit  |g Č. 7 (1993/1994), s. 23 
850 |a Slovenská národná knižnica v Martine  |a MTA001 
852 |a SNK  |b KIS3GCP 
958 |a RK 
992 |a RBX 
999 |c 1574591  |d 1576521